书目信息 |
| 题名: |
从“倒腾“开始的幼儿STEM教育
|
|
| 作者: | 海洛曼 著 ;田方 , 李欢欢 译 | |
| 分册: | ||
| 出版信息: | 上海 华东师范大学出版社 2020.06 |
|
| 页数: | 139页 | |
| 开本: | 19×27cm | |
| 丛书名: | ||
| 单 册: | ||
| 中图分类: | G613.3 | |
| 科图分类: | ||
| 主题词: | 科学知识--教学研究--学前教育 | |
| 电子资源: | ||
| ISBN: | 978-7-5675-9752-5 | |
| 000 | 01338nam0 2200265 450 | |
| 001 | 0103152657 | |
| 005 | 20201103152732.0 | |
| 010 | @a978-7-5675-9752-5@dCNY58.00 | |
| 100 | @a20200905d2020 em y0chiy50 ea | |
| 101 | 1 | @achi@ceng |
| 102 | @aCN@b310000 | |
| 105 | @aa z 000yy | |
| 106 | @ar | |
| 200 | 1 | @a从“倒腾“开始的幼儿STEM教育@Acong“ dao teng“ kai shi de you er STEM jiao yu@dMaking and tinkering with STEM: solving design challenges with young children@f(美)凯特·海洛曼著@g田方,李欢欢译@zeng |
| 210 | @a上海@c华东师范大学出版社@d2020.06 | |
| 215 | @a139页@c彩图@d19×27cm | |
| 330 | @a本书围绕着幼儿STEM教育展开。越来越多的实证研究支持,通过STEM教育活动,孩子们将会激发出问题解决思路和设计能力。这本书旨在以下几个方面提供实践性指导:面向3-8岁幼儿的25个工程设计活动;为孩子创设可以摆弄各种材料、使用工具制作小物件的创客环境;能够激发幼儿STEM思维的100本图画书推荐;拓展和丰富幼儿对于STEM知识理解的问题;以及教师如何自定义自己的教学实施方案。 | |
| 510 | 1 | @aMaking and tinkering with STEM: solving design challenges with young children@zeng |
| 606 | 0 | @a科学知识@x教学研究@x学前教育 |
| 690 | @aG613.3@v5 | |
| 701 | 0 | @c(美)@a海洛曼@Ahai luo man@c(Heroman, Cate)@4著 |
| 702 | 0 | @a田方@Atian fang@4译 |
| 702 | 0 | @a李欢欢@Ali huan huan@4译 |
| 801 | 0 | @aCN@bBJSZM@c20201103 |
| 905 | @b1257391-5@dG613.3@e1089@f5 | |
| 从“倒腾“开始的幼儿STEM教育=Making and tinkering with STEM: solving design challenges with young children/(美)凯特·海洛曼著/田方,李欢欢译.-上海:华东师范大学出版社,2020.06 |
| 139页:彩图;19×27cm |
| ISBN 978-7-5675-9752-5:CNY58.00 |
| 本书围绕着幼儿STEM教育展开。越来越多的实证研究支持,通过STEM教育活动,孩子们将会激发出问题解决思路和设计能力。这本书旨在以下几个方面提供实践性指导:面向3-8岁幼儿的25个工程设计活动;为孩子创设可以摆弄各种材料、使用工具制作小物件的创客环境;能够激发幼儿STEM思维的100本图画书推荐;拓展和丰富幼儿对于STEM知识理解的问题;以及教师如何自定义自己的教学实施方案。 |
| ● |
| 相关链接 |
|
|
|
|
正题名:从"倒腾"开始的幼儿STEM教育
索取号:G613.3/1089
 
预约/预借
| 序号 | 登录号 | 条形码 | 馆藏地/架位号 | 状态 | 备注 |
| 1 | 1257391 | 212573918 | 第一样本阅览室/ [索取号:G613.3/1089] | 在馆 | |
| 2 | 1257392 | 212573927 | 教育系资料室/ [索取号:G613.3/1089] | 在馆 | |
| 3 | 1257393 | 212573936 | 教育系资料室/ [索取号:G613.3/1089] | 在馆 | |
| 4 | 1257394 | 212573945 | 第四借阅区/ [索取号:G613.3/1089] | 在馆 | |
| 5 | 1257395 | 212573954 | 第四借阅区/ [索取号:G613.3/1089] | 在馆 |